000 00523nam a2200181Ia 4500
008 151202s9999||||xx |||||||||||||| ||und||
082 _bPNVM-50019
100 _aजांभळे परेन.
245 _aबिलोरी.
260 _b"अनघा प्रकाशन,ठाणे."
260 _c2004
300 _a160
600 _aजांभळे परेन.
630 _aबिलोरी.
700 _aजांभळे परेन.
730 _aबिलोरी.
942 _cBOOK
999 _c1316561
_d1316558